[Event "DSOL 07 Liga Gr-C 1st"]
[Site "Playchess.com INT"]
[Date "2020.07.07"]
[Round "3.1"]
[White "Bernd, Dieter"]
[Black "Buljovcic, Franjo"]
[Result "0-1"]
[WhiteElo "1547"]
[BlackElo "1814"]
[PlyCount "130"]
[EventDate "2020.06.22"]
[EventType "team-tourn (rapid)"]
[EventCountry "GER"]
[SourceTitle "EXT 2021"]
[Source "ChessBase"]
[SourceDate "2020.10.23"]
[SourceVersion "1"]
[SourceVersionDate "2020.10.23"]
[SourceQuality "1"]
[WhiteTeam "Brand SF II"]
[BlackTeam "Seelscheid"]
[WhiteTeamCountry "GER"]
[BlackTeamCountry "GER"]

1. d4 d6 2. c4 Nf6 3. Nf3 g6 4. Nc3 Bg7 5. e3 0-0 6. Be2 Nbd7 7. 0-0 e5 8. dxe5 dxe5 9. Nd2 Re8 10. e4 c6 11. b4 a5 12. Ba3 Bf8 13. Rb1 axb4 14. Bxb4 Bxb4 15. Rxb4 Qe7 16. Rb2 Nc5 17. Qc2 Be6 18. Rfb1 Ra7 19. Nf3 Nfd7 20. Qc1 f6 21. Qh6 Nf8 22. h4 Bf7 23. Nh2 Nfe6 24. h5 Qf8 25. Qxf8+ Kxf8 26. hxg6 hxg6 27. Ng4 Kg7 28. Rd1 Nd4 29. Ne3 f5 30. exf5 gxf5 31. Rxd4 exd4 32. Nxf5+ Kf6 33. Nxd4 Re7 34. Nb3 Na4 35. Nxa4 Rxa4 36. Rc2 b6 37. f3 Rd7 38. Kf2 Rda7 39. Nc1 c5 40. Bd3 Rd7 41. Nb3 Rda7 42. Nc1 Rd7 43. Ke3 Bg6 44. Bxg6 Kxg6 45. Nb3 Rda7 46. Nc1 Rd7 47. Nb3 Kf5 48. g3 Re7+ 49. Kf2 Rh7 50. Ke3 Re7+ 51. Kf2 Rea7 52. Nc1 Rb4 53. Ke3 Ra3+ 54. Kf2 Raa4 55. g4+ Kg5 56. Nd3 Rxc4 57. Re2 Rd4 58. Re5+ Kf6 59. g5+ Kg6 60. Nxc5 bxc5 61. Rxc5 Rxa2+ 62. Kg3 Ra3 63. Rb5 Rdd3 64. Rb6+ Kh5 65. g6 Rxf3+ 0-1

[Event "Mittelrhein Verbandsliga-W 1112"]
[Site "Germany"]
[Date "2012.02.05"]
[Round "6.8"]
[White "Jerinic, Milan"]
[Black "Bernd, Dieter"]
[Result "1-0"]
[WhiteElo "1763"]
[BlackElo "1501"]
[PlyCount "105"]
[EventDate "2011.09.18"]
[EventType "team-tourn"]
[EventRounds "11"]
[EventCountry "GER"]
[SourceTitle "EXT 2013"]
[Source "ChessBase"]
[SourceDate "2012.11.22"]
[SourceVersion "1"]
[SourceVersionDate "2012.11.22"]
[SourceQuality "1"]
[WhiteTeam "Herzogenrath"]
[BlackTeam "Brand SF"]
[WhiteTeamCountry "GER"]
[BlackTeamCountry "GER"]

1. d4 d5 2. c4 e6 3. Nc3 Nf6 4. Bg5 Nbd7 5. Nf3 Be7 6. e3 0-0 7. Rc1 c6 8. Qc2 Re8 9. a3 Qa5 10. Bd3 dxc4 11. Bxc4 Nd5 12. Bxe7 Rxe7 13. 0-0 Nxc3 14. Qxc3 Qxc3 15. Rxc3 Nf6 16. Rfc1 Nd5 17. R3c2 Nb6 18. Ba2 Bd7 19. Ne5 Rd8 20. b4 a6 21. Bb3 f6 22. Nd3 Kf8 23. Nc5 Bc8 24. a4 Nd5 25. Bxd5 exd5 26. Rc3 b6 27. Nb3 Bd7 28. a5 Rb8 29. h4 g6 30. Ra1 bxa5 31. Rxa5 Rxb4 32. Rxa6 Be8 33. Na5 Re4 34. g3 Rb1+ 35. Kg2 Re6 36. Nxc6 Rb2 37. Ra8 Rd6 38. Na5 Rb5 39. Rcc8 Re6 40. Rcb8 Kf7 41. Nb3 Rxb8 42. Rxb8 Ba4 43. Nc5 Bc2 44. Nxe6 Kxe6 45. Rb7 h5 46. f3 Bd3 47. Kf2 Kf5 48. Re7 g5 49. Rh7 Kg6 50. Rd7 Bc4 51. e4 dxe4 52. fxe4 Be6 53. Re7 1-0